Naruto Jutsu Releases Quiz Stats

 Plays Quiz not verified by Sporcle

Score 0/9 Timer 06:00
0 Plays Today
Nature combination Release % Correct
Fire-EarthLava Release
83.5%
Water-EarthWood Release
83.4%
Wind-WaterIce Release
78.6%
Unknown- DeidaraExplosion Release
53.7%
Water-LightningStorm Release
51.9%
Wind-Earth-FireDust Release
51.7%
Water-FireBoil Release
48.5%
Unknown- SasukeBlaze Release
46%
Fire-WindScorch Release
40.4%

You're not logged in!

Compare scores with friends on all Sporcle quizzes.
OR
Log In

Show Comments

Extras

Top Quizzes Today


Score Distribution

Your Account Isn't Verified!

In order to create a playlist on Sporcle, you need to verify the email address you used during registration. Go to your Sporcle Settings to finish the process.

Report this User

Report this user for behavior that violates our Community Guidelines.

Details: